Quizzes
Events
Quiz Creation
Community
Videos
Private Events
Remove Ads
Sign In
Join for FREE
Feedback
Dark Mode
Quiz Categories
Sports
Geography
Music
Movies
Television
Just For Fun
Miscellaneous
History
Literature
Language
Science
Gaming
Entertainment
Religion
Holiday
For Kids
Quiz Lab
Recent
Popular Today
Quiz Kudos Today
Editor Picks
Curator Picks
Quizzes by...
Day
Popularity
Type
Ratings
Length
Year
Community
Subscriptions
Recent Discussions
Orange Saloon
Badges
Playlists
Quests
Create
Leaderboards
Showdown
Live 5
Trivia Bingo
Activity
Puzzle Library
Sporcle Events
Private Events
Virtual Trivia
Globe League
Become a Host
Pub Owners
SporcleCon
Opinionation
Our Games
Videos
Blog
Mobile Apps
Partnerships
Remove Ads and Go Orange
Feedback
Television
TV Characters
TV Show
Sitcom
Network
Friends
Reality Shows
Cast
South Park
Star Trek
The Simpsons
Doctor Who
Television
TV Characters
TV Show
Sitcom
Network
Friends
Reality Shows
Cast
South Park
Star Trek
The Simpsons
Doctor Who
Random Quiz
Search Sporcle
×
Quiz Lab
Quiz Lab
Television
Song
Type in answers that appear in a list
Type in answers that appear in a list
Classic
Best Score? Go Orange.
Eurovision Song Contest 2019 National Final Runner-Ups Stats
Can you name the artists/songs that finished second in the national selections for the Eurovision Song Contest 2019?
By
mok120
5m
23 Questions
160 Plays
160 Plays
160 Plays
Comments
Comments
Give Quiz Kudos
Give Quiz Kudos
-
- Ratings
hide this ad
Random Order
Randomize order of answers
Randomize order of answers
Replay
Link that replays current quiz
Next Quiz
Link to next quiz in quiz playlist
You Got
0%
They Got
Avg Score
43%
Avg Friend Score
Upgrade to see
Score Distribution
Jump to the score distribution portion of the page
Score
0/23
Timer
05:00
0
Plays Today
artist/song
% Correct
Darude feat. Sebastian Rejman - 'Superman'
68.6%
Monika Marija - 'Light On'
66.7%
Seemone - 'Tous les deux'
66%
Bishara - 'On My Own'
65.4%
Julie & Nina - 'League of Light'
63.5%
María - 'Muérdeme'
59.7%
Electric Fields - '2000 and Whatever'
55.3%
Laura Bretan - 'Dear Father'
54.7%
Adrian Jørgensen - 'The Bubble'
51.6%
Lorena Bućan - 'Tower of Babylon'
50.9%
Raiven - 'Kaos'
49.7%
Uku Suviste - 'Pretty Little Liar'
47.8%
artist/song
% Correct
Makeda - 'The Day I Loved You Most'
43.4%
Jakub Ondra - 'Space Sushi'
39.6%
Markus Riva - 'You Make Me So Crazy'
37.1%
BLGN & Mirex - 'Champion'
30.8%
Friðrik Ómar - 'Hvað ef ég get ekki elskað?'
29.6%
NBC - 'Igual a ti'
28.9%
Ivana Popović-Martinović - 'Nevinost'
19.5%
Lidia Lufi - 'Rrëfehem'
17.6%
Maxim Zavidia - 'I Will Not Surrender'
17%
Dženan Lončarević - 'Nema suza'
12.6%
Liza Kalandadze - 'Sevdisperi zgva'
11.3%
Quiz Playlist
Details
Report
Send in Message
Add To Playlist
Classic:
Type in answers that appear in a list
Random Order:
Randomize order of answers
Quiz Source
Last Updated: Mar 20, 2019
Quiz Scoreboard
CHALLENGE
Sign Up to Join the Scoreboard
Show All
Scores
Hide
Comments
May contain spoilers
Recently Published
Presidents Visiting Landmarks
by Hejman
History
7m
An Introduction to Baseball
by treessimontrees
Sports
5m
Movies - When Are They Set?
by FPL_Elf
Movies
5m
More to Explore
Quiz From the Vault
Featured Blog Post
Where Did the Easter Bunny Come From?
hide this ad
You Might Also Like...
Tags
Artist Quiz
Country Quiz
Song Quiz
2019
contest
Eurovision
final
Finished
national
Runner-up
second
selection
Today's Top Quizzes in Television
Browse Television
hide this ad
Today's Top Quizzes in Song
Browse Song
Top Contributed Quizzes in Television
1
5-to-1: The Simpsons Families
2
One Piece Logic Puzzle
3
5-to-1: Television Doctors
4
7-to-1: TV Show Settings
5
5-to-1: Streaming Originals
6
Survivor Logic Puzzle: Heroes vs. Villains
7
Survivor Seasons
8
Survivor Season by Logo
9
One Thing in Common: Television
10
Survivor Trivia
Explore More
Trending Topics
Disney
Marvel
Harry Potter
Crossword
Anime
Kpop
NBA
Soccer
Pokémon
NFL
Song
The Office
Country
Puzzle
WWE
hide this ad
More By:
mok120
Quiz
Plays
Rating
Category
Featured
Created
Eurovision Song Contest 2019 Music Videos
1,494
5.00
Television
Mar 17, 2019
Eurovision Song Contest 2019 Lyrics
978
3.67
Music
Mar 11, 2019
Eurovision Countries Singing in French
929
4.67
Music
Jan 24, 2019
Eurovision Song Contest 2018 lyrics
832
4.67
Music
Mar 30, 2018
Eurovision Song Contest 2019 Song Titles in French
523
5.00
Television
Mar 21, 2019
Go to Creator's Profile
Score Distribution
Quiz Creator Spotlight
mok120
Follow
Send a Message
Quizzes Created
-
Created Quiz Play Count
-
More By This Creator
Popular Quizzes Today
1
Find the US States - No Outlines Minefield
2
Find the Countries of Europe - No Outlines Minefield
3
The Countries of the World
4
Find the US States
5
Popular People in 1961
6
US States
7
Risky Map Clicking: Biggest States A-Z
8
1-10 Letter E Words III
More Television Quizzes
The Daily Show Correspondents
Published
Trending Quizzes
Risky Map Clicking: Least Populous States A-Z
1-10 Letter G Words
1-10 Letter F Words
One Thing in Common: United Kingdom
Risky Map Clicking: Next State Alphabetically
Recently Updated
Leaping Animals
pecheneg
Reality TV Shows (A-Z)
bhenderson79
Rickey Henderson's Hall of Fame Teammates
pecheneg
Champions League XIs: Arsenal
pecheneg
Quick Pick: Celebrities in WWE's Hall of Fame
aduchscher
A-Z Keypad Blitz II
pecheneg
Multiple Oscar Actors
pecheneg
Mystery Phrase Blitz: Oscar 'Best Actors'
pecheneg
F. Scott Fitzgerald Novels
LTH
Pick 3 Villains
ddd62291
Trending Topics
Anime
NBA
Disney
Marvel
Crossword
Kpop
Harry Potter
Pokémon
Soccer
Puzzle
Country
Song
The Office
WWE
NFL
Your Account Isn't Verified!
In order to create a playlist on Sporcle, you need to verify the email address you used during registration. Go to your
Sporcle Settings
to finish the process.
Report this User
Report this user for behavior that violates our
Community Guidelines
.
Details:
Send Report
Go to the Sporcle.com Mobile Site →
Comments